| 000 | 01156nam a22002777a 4500 | ||
|---|---|---|---|
| 999 |
_c8571 _d8571 |
||
| 003 | AR-CdUCM | ||
| 008 | 190325b ||||| |||| 00| 0 spa d | ||
| 040 |
_aMUNICIPALIDAD PROVINCIAL DEL CUSCO _cBIBLIOTECA MUNICIPAL DEL CUSCO |
||
| 082 |
_a391.1 /V63 _bV63 |
||
| 100 |
_aVidal de Milla, Delia _924007 |
||
| 245 |
_aEl arte textil : _bsimbolismo de los motivos decorativos / _cDelia Vidal de Milla |
||
| 260 |
_aCusco : _bDanny´s Graff, _c2000. |
||
| 300 |
_a213 páginas. : _bilustraciones en color ; _c21 cm. |
||
| 500 | _aConvenio Municipalidad del Cusco Cervesur. | ||
| 505 | _aContenido: El arte textil. -- Proceso del arte textil. -- Los instrumentos. -- La decoración del tejido. -- Motivos decorativos. -- La vestimenta indígena. -- Anexo. La línea cusqueña. -- Fundación del colegio industrial femenino N°18... | ||
| 650 |
_aArte _9561 |
||
| 650 |
_aTextilería _924008 |
||
| 650 |
_aInca _9421 |
||
| 650 |
_aIconografía andina _946792 |
||
| 650 |
_aTejido andino _98671 |
||
| 650 |
_aArte textil _943316 |
||
| 710 |
_aMunicipalidad Provincial del Cusco _946793 |
||
| 710 |
_aCervesur _911816 |
||
| 942 |
_2ddc _cLIBROS |
||
| 945 | _anom | ||